Vulnerability and the Politics of Care (Record no. 92764)

MARC details
000 -LEADER
fixed length control field 02406namaa2200409uu 4500
001 - CONTROL NUMBER
control field doab81889
003 - CONTROL NUMBER IDENTIFIER
control field oapen
005 - DATE AND TIME OF LATEST TRANSACTION
control field 20260305123947.0
006 - FIXED-LENGTH DATA ELEMENTS--ADDITIONAL MATERIAL CHARACTERISTICS
fixed length control field m o d
007 - PHYSICAL DESCRIPTION FIXED FIELD--GENERAL INFORMATION
fixed length control field cr|mn|---annan
008 - FIXED-LENGTH DATA ELEMENTS--GENERAL INFORMATION
fixed length control field 220526s2021 xx |||||o ||| 0|eng d
020 ## - INTERNATIONAL STANDARD BOOK NUMBER
International Standard Book Number 9780197266830
040 ## - CATALOGING SOURCE
Original cataloging agency oapen
Transcribing agency oapen
041 0# - LANGUAGE CODE
Language code of text/sound track or separate title eng
042 ## - AUTHENTICATION CODE
Authentication code dc
072 #7 - SUBJECT CATEGORY CODE
Subject category code LNTM1
Source bicssc
245 00 - TITLE STATEMENT
Title Vulnerability and the Politics of Care
Remainder of title Transdisciplinary Dialogues
260 ## - PUBLICATION, DISTRIBUTION, ETC.
Name of publisher, distributor, etc. Oxford University Press
Date of publication, distribution, etc. 2021
300 ## - PHYSICAL DESCRIPTION
Extent 1 online resource (288 p.)
336 ## - CONTENT TYPE
Content type term text
Content type code txt
Source rdacontent
337 ## - MEDIA TYPE
Media type term computer
Media type code c
Source rdamedia
338 ## - CARRIER TYPE
Carrier type term online resource
Carrier type code cr
Source rdacarrier
506 0# - RESTRICTIONS ON ACCESS NOTE
Terms governing access Free-to-read
Standardized terminology for access restriction Unrestricted online access
Source of term star
520 ## - SUMMARY, ETC.
Summary, etc. Vulnerability is a fundamental aspect of existence, giving rise to the need for care in various forms. Yet we are not all vulnerable in the same way, and not all vulnerabilities are equally recognised or cared for. This transdisciplinary volume considers how vulnerability and care are shaped by relations of power within contemporary contexts of war, development, environmental degradation, sexual violence, aging populations and economic precarity. It proposes that care for vulnerable populations or individuals is inseparable from other political processes of recognition, welfare, healthcare and security, whilst also exploring vulnerability as a shared, generative condition that makes caring possible. Ethnographic and narrative accounts of vulnerable life and caring relations in various geographical regions - including Japan, Uganda, Micronesia, Iraq, Mexico, the UK and the US - are interspersed with perspectives from philosophy, International Relations, social and cultural theory, and more, resulting in a compelling series of intellectual exchanges, creative frictions and provocative insights.
540 ## - TERMS GOVERNING USE AND REPRODUCTION NOTE
Terms governing use and reproduction All rights reserved
Uniform Resource Identifier <a href="http://oapen.org/content/about-rights">http://oapen.org/content/about-rights</a>
546 ## - LANGUAGE NOTE
Language note English
650 #7 - SUBJECT ADDED ENTRY--TOPICAL TERM
Topical term or geographic name entry element Mental health law
Source of heading or term bicssc
653 ## - INDEX TERM--UNCONTROLLED
Uncontrolled term health; politics
720 1# - ADDED ENTRY--UNCONTROLLED NAME
Name Browne, Victoria
Relationship edt
720 1# - ADDED ENTRY--UNCONTROLLED NAME
Name Browne, Victoria
Relationship oth
720 1# - ADDED ENTRY--UNCONTROLLED NAME
Name DANELY, Jason
Relationship edt
720 1# - ADDED ENTRY--UNCONTROLLED NAME
Name DANELY, Jason
Relationship oth
720 1# - ADDED ENTRY--UNCONTROLLED NAME
Name Rosenow, Doerthe
Relationship edt
720 1# - ADDED ENTRY--UNCONTROLLED NAME
Name Rosenow, Doerthe
Relationship oth
793 0# -
-- DOAB Library.
856 40 - ELECTRONIC LOCATION AND ACCESS
Uniform Resource Identifier <a href="https://directory.doabooks.org/handle/20.500.12854/81889">https://directory.doabooks.org/handle/20.500.12854/81889</a>
Access status 0
Public note Free-to-read: DOAB: description of the publication

No items available.

Powered by Koha